|
|
|
|
| LEADER |
04527nam a2200721 4500 |
| 001 |
ocn778546647 |
| 003 |
OCoLC |
| 005 |
20170124070131.6 |
| 006 |
m o d |
| 007 |
cr cnu---unuuu |
| 008 |
120228s2012 enka ob 001 0 eng d |
| 010 |
|
|
|z 2011044307
|
| 040 |
|
|
|a N$T
|b eng
|e pn
|c N$T
|d EBLCP
|d E7B
|d OCLCQ
|d COO
|d OCLCF
|d UKDOC
|d OCLCQ
|d YDXCP
|d DEBSZ
|d DG1
|d TXA
|d CDX
|d OCLCQ
|d OCL
|d NLGGC
|d OCLCQ
|d AZK
|d DG1
|d GrThAP
|
| 019 |
|
|
|a 784124298
|a 787845577
|a 794619624
|a 839378874
|a 961568255
|a 962678835
|
| 020 |
|
|
|a 9781119968894
|q (electronic bk.)
|
| 020 |
|
|
|a 1119968895
|q (electronic bk.)
|
| 020 |
|
|
|a 9781280586095
|q (MyiLibrary)
|
| 020 |
|
|
|a 1280586095
|q (MyiLibrary)
|
| 020 |
|
|
|a 9781118313657
|
| 020 |
|
|
|a 1118313658
|
| 020 |
|
|
|a 9781119968900
|q (electronic bk.)
|
| 020 |
|
|
|a 1119968909
|q (electronic bk.)
|
| 020 |
|
|
|z 9780470976999
|
| 020 |
|
|
|z 0470976993
|
| 024 |
8 |
|
|a 9786613615923
|
| 029 |
1 |
|
|a DEBSZ
|b 431101159
|
| 029 |
1 |
|
|a DKDLA
|b 820120-katalog:000600756
|
| 029 |
1 |
|
|a GBVCP
|b 790036665
|
| 029 |
1 |
|
|a NLGGC
|b 356487199
|
| 029 |
1 |
|
|a NZ1
|b 14694163
|
| 029 |
1 |
|
|a NZ1
|b 15922007
|
| 035 |
|
|
|a (OCoLC)778546647
|z (OCoLC)784124298
|z (OCoLC)787845577
|z (OCoLC)794619624
|z (OCoLC)839378874
|z (OCoLC)961568255
|z (OCoLC)962678835
|
| 037 |
|
|
|a 10.1002/9781119968900
|b Wiley InterScience
|n http://www3.interscience.wiley.com
|
| 050 |
|
4 |
|a RA1151
|
| 072 |
|
7 |
|a PSY
|x 014000
|2 bisacsh
|
| 072 |
|
7 |
|a HEA
|2 eflch
|
| 082 |
0 |
4 |
|a 614/.15
|2 23
|
| 049 |
|
|
|a MAIN
|
| 245 |
0 |
0 |
|a Neuroimaging in forensic psychiatry :
|b from the clinic to the courtroom /
|c [edited by] Joseph R. Simpson.
|
| 264 |
|
1 |
|a Chichester, West Sussex :
|b Wiley-Blackwell,
|c 2012.
|
| 300 |
|
|
|a 1 online resource (374 pages) :
|b color illustrations
|
| 336 |
|
|
|a text
|b txt
|2 rdacontent
|
| 337 |
|
|
|a computer
|b c
|2 rdamedia
|
| 338 |
|
|
|a online resource
|b cr
|2 rdacarrier
|
| 347 |
|
|
|a data file
|2 rda
|
| 380 |
|
|
|a Bibliography
|
| 504 |
|
|
|a Includes bibliographical references and index.
|
| 505 |
0 |
|
|a PET and SPECT / Susan E. Rushing, Daniel A. Pryma, and Daniel D. Langleben -- MRI and functional MRI / Erin D. Bigler, Mark Allen, and Gary K. Stimac -- Traumatic brain injury / Robert P. Granacher, Jr -- Dementia / Melissa Lamar [and others] -- Neuroimaging in psychopathy and antisocial personality disorder : functional significance and a neurodevelopmental hypothesis / Andrea L. Glenn, Yaling Yang, and Adrian Raine -- Pedophilia / Christine Wiebking [and others] -- Imaging psychoses : diagnosis and prediction of violence / Jazmin Camchong and Angus W. MacDonald III -- Neuroimaging in affective disorders : applications in clinical research and forensic psychiatry / Jonathan B. Savitz, Joseph R. Simpson, and Wayne C. Drevets -- Application of neuroimaging in relationship to competence to stand trial and insanity / Nathan J. Kolla and Jonathan D. Brodie -- Neuroimaging, diminished capacity and mitigation / Judith G. Edersheim, Rebecca Weintraub Brendel, and Bruce H. Price -- Implications of neuroimaging for dangerousness assessment / Joachim Witzel -- Potential uses of neuroimaging in personal injury civil cases / Robert P. Granacher, Jr -- Brain imaging of deception / Dan F.X. Willard, Jane C. Moriarty, and Daniel D. Langleben -- Identifying memories and their use in interrogations / Johanna C. van Hooff -- Practical legal concerns / Kristen M. Nugent -- Neuroimaging and the constitution / Kristen M. Nugent -- Practical legal concerns : the England and Wales context / Shuja M. Reagu and Pamela J. Taylor -- Neuroethics of functional neuroimaging in the courtroom / Elizabeth Ford and Neil Aggarwal -- Neuroimaging evidence in law : a plea for modesty and relevance / Stephen J. Morse.
|
| 588 |
0 |
|
|a Print version record.
|
| 650 |
|
0 |
|a Forensic psychiatry.
|
| 650 |
|
0 |
|a Brain mapping
|x Methods.
|
| 650 |
|
0 |
|a Mental illness.
|
| 650 |
|
4 |
|a PSYCHOLOGY
|e Forensic Psychology.
|
| 650 |
|
7 |
|a PSYCHOLOGY
|x Forensic Psychology.
|2 bisacsh
|
| 650 |
|
7 |
|a Brain mapping.
|2 fast
|0 (OCoLC)fst00837764
|
| 650 |
|
7 |
|a Forensic psychiatry.
|2 fast
|0 (OCoLC)fst00932002
|
| 650 |
|
7 |
|a Mental illness.
|2 fast
|0 (OCoLC)fst01016547
|
| 655 |
|
4 |
|a Electronic books.
|
| 655 |
|
7 |
|a Methods (Music)
|2 fast
|0 (OCoLC)fst01423850
|
| 700 |
1 |
|
|a Simpson, Joseph R.
|
| 776 |
0 |
8 |
|i Print version:
|t Neuroimaging in forensic psychiatry.
|d Chichester, West Sussex : Wiley-Blackwell, 2012
|z 9780470976999
|w (DLC) 2011044307
|w (OCoLC)759084201
|
| 856 |
4 |
0 |
|u https://doi.org/10.1002/9781119968900
|z Full Text via HEAL-Link
|
| 994 |
|
|
|a 92
|b DG1
|